00945nam a2200253 a 450000100100000000500170001000800410002702000150006804000250008308200230010810000510013124500810018225000220026326000400028530000180032549000420034350000320038565000280041765000420044583000510048704900090053895201270054799900170067400002184820200930011455.0100913s1993 sp r 000 f spa d a8420614092 aDO-SdBNPbspacBNPHU a863.6bT692g, 19931 aTorrente Ballester, Gonzalo,d1910-1999.9474510aLos gozos y las sombras :bLa Pascua triste /cGonzalo Torrente Ballester ;. a12a reimpresión aMadrid :bAlianza Editorial,c1993. av.3 ;c18 cm.1 aEl Libro de bolsilloaliteraturav409 aLa biblioteca posee el v. 3 4aNovela española91123 4aLiteratura españolaySIGLO XX93326 0aEl Libro de bolsillo ;pliteraturav409945366 aBNGR 001054708MOaGRbGRcCTd2010-09-13iLF1l0o863.6 T692g, 1993p21848-10r2020-06-25w2020-06-25y4ZPréstamo en sala c21346d21346